Представление документа в формате MARC21

Поле Инд. ПП Название Значение
Тип записи a
Библиографический уровень m
001 Контрольный номер RU/LIBMSTU/381495079
005 Дата корректировки 20160419164304.1
008 Кодируемые данные 120207|||||||||ru |||||||||||000|||rus||
040 b Код языка каталог. rus
041 0_ a Код языка текста rus
084 a Индекс другой классификации/Индекс ББК 94+87.21+87.22+87.3(3)
090 a Полочн. индекс 94
x Авторский знак Р 69
100 1_ a Автор Романов П. Е.
245 10 a Заглавие Эволюция исследований языка и сознания в аналитической философии
b Продолж. заглавия дис. ... канд. филос. наук : 09.00.03
c Ответственность ФГБОУ ВПО "Мурман. гос. техн. ун-т"
260 a Место издания Мурманск
c Дата издания 2011
300 a Объем 169 с.
504 a Библиография Библиогр.: с. 144-169
600 14 a Персоналии Рассел Б., философ, общественный деятель и математик
600 34 a Персоналии Деннет Д., американский философ
600 34 a Персоналии Сёрл Д., американский философ
600 34 a Персоналии Остин Дж., писательница
600 34 a Персоналии Витгенштейн Л., философ
600 34 a Персоналии Грайс П., британский философ
600 34 a Персоналии Фрег Г.
650 04 a Основная рубрика Аналитическая философия-Диссертации
650 14 a Основная рубрика Язык-Философские проблемы-Диссертации
653 0_ a Ключевые слова Атомизм; Диссертации; Лингвистические теории; Семантика; Философия аналитическая; Язык (философия)
901 t Тип документа d